00495 2200193 4500001002100000005001500021008004100036020001800077035001900095041000700114082001400121090001400135100001900149245004100168250000600209260003500215300003400250650001700284INLIS00000000002354020241224131524241224||||||||| | ||| |||| || |  a979-489-175-4 0010-1224023540 aid0 a635.6 TOM a635.6 TOM0 aTim Penulis PS00aTomat Pembudidayaan Secara Komersial a1 aJakartabPenebar Swadayac2007 aviii, 123 hlm.; Ilus.:20,5 cm 0aIlmu Terapan